¿Antes de la Segunda Guerra Mundial... o después? - Estadísticas

Estadísticas generales
  • Esta prueba ha sido intentada 3.802 veces
  • La puntuación promedio es 11 de 15
Estadísticas de respuestas
Pregunta Respuesta % Correcto
Construcción de la Torre Eiffel. Antes
92%
Hundimiento del Titanic. Antes
86%
Descubrimiento de la penicilina. Antes
84%
Muerte de Joseph Stalin. Después
80%
Primer vuelo supersónico. Después
78%
Muerte de Albert Einstein. Después
76%
Grabación del primer éxito #1 de Elvis Presley "Heartbreak Hotel". Después
72%
Apertura de Disneyland en Anaheim, California. Después
70%
Superación de 1000 millones de habitantes en el mundo. Antes
68%
Fundación de la BBC. Antes
66%
Independencia de India de Reino Unido. Después
66%
Hawái se vuelve el 50º estado de Estados Unidos. Después
62%
Debut de Superman como personaje de cómics. Antes
61%
Coronación de Isabel II como reina del Reino Unido. Después
54%
Primera llegada humana a la cima del monte Everest. Después
50%
No se encontraron pruebas coincidentes
Distribución de puntuación
Porcentaje de gente con cada puntuación
Porcentaje por número respondido
Historial de tus puntuaciones
No has intentado esta prueba.